Tejidos artísticos /
Colección:
San Jorge,
; núm. 17 (gener 1955), pàg 71-75
Idioma:
Español
MARC
| LEADER | 00000naa a2200000 a 4500 | ||
|---|---|---|---|
| 003 | Arxiu | ||
| 005 | 20260324181028.0 | ||
| 008 | 160829s1955 spcaxx s spa c | ||
| 040 | |a AGDB | ||
| 100 | |9 31065 |a Peñaranda, Santiago |e autor | ||
| 245 | 1 | 0 | |a Tejidos artísticos / |c S. Peñaranda |
| 490 | |a San Jorge, |v núm. 17 (gener 1955), pàg 71-75 | ||
| 610 | 2 | 0 | |a Museo Provincial Textil (Terrassa, Catalunya) |9 54999 |
| 650 | 0 | |a Museus tèxtils |z Terrassa (Catalunya) |9 48019 | |
| 773 | |g Núm. 17 (gener 1955), pàg 71-75 |t San Jorge. | ||
| 901 | |a Arxiu | ||
| 942 | |n 1 |2 udc |c ART | ||
| 952 | |0 0 |1 0 |4 0 |6 REV510 |7 1 |9 65117 |a Arxiu |b Arxiu |d 2023-01-25 |l 0 |o Rev-510 |r 2023-01-25 00:00:00 |w 2023-01-25 |y ARXIU |z També disponible a Rev-524 | ||
| 999 | |c 44879 |d 44879 | ||